000 00321nam a2200133Ia 4500
008 100328s9999 xx 000 0 und d
082 _b2148
100 _aGupta J.P.
245 _aJinnahsaheb Please
260 _bHamara Hindostan Pub
630 _aJinnahsaheb Please
730 _aJinnahsaheb Please
942 _cBOOK
999 _c498375
_d498372